Les économies émergentes d'Asie : Entre État et marché (notice n° 1568801)

détails MARC
000 -LEADER
fixed length control field 01637cam a2200145 4500500
005 - DATE AND TIME OF LATEST TRANSACTION
control field 20251214005348.0
041 ## - LANGUAGE CODE
Language code of text/sound track or separate title fre
042 ## - AUTHENTICATION CODE
Authentication code dc
100 10 - MAIN ENTRY--PERSONAL NAME
Personal name Chaponnière, Jean-Raphaël
Relator term author
245 00 - TITLE STATEMENT
Title Les économies émergentes d'Asie : Entre État et marché
260 ## - PUBLICATION, DISTRIBUTION, ETC.
Name of publisher, distributor, etc. Armand Colin,<br/>
Date of publication, distribution, etc. 2014.<br/>
520 ## - SUMMARY, ETC.
Summary, etc. Alors que la reprise se fait attendre en Europe et aux États-Unis où l’on redoute une stagnation séculaire, les économies émergentes d’Asie – de Séoul à Delhi – continuent de progresser. Quels sont les ressorts de ces dynamiques ? Existe-t-il un « modèle » asiatique de développement ? La montée en puissance de la Chine empêche-t-elle tout rattrapage ? La trajectoire de l’Inde illustre-t-elle l’existence d’une alternative à l’industrialisation ? Quels défis rencontre désormais la poursuite de la croissance en Asie ? Après avoir replacé l’émergence de l’Asie dans la longue durée, cet ouvrage présente son socle institutionnel qui, inspiré des expériences d’industrialisation tardive du XIXe siècle, encadre le dynamisme du marché pour atteindre les objectifs de l’État. Il analyse les changements de spécialisation industrielle qui fondent le « vol des oies sauvages » et l’irruption de l’Asie dans l’économie mondiale. Les auteurs examinent ensuite les processus d’intégration régionale et de creusement des inégalités liées à ces développements, les plus rapides de l’Histoire.
700 10 - ADDED ENTRY--PERSONAL NAME
Personal name Lautier, Marc
Relator term author
856 41 - ELECTRONIC LOCATION AND ACCESS
Uniform Resource Identifier <a href="https://shs.cairn.info/les-economies-emergentes-d-asie--9782200288518?lang=fr&redirect-ssocas=7080">https://shs.cairn.info/les-economies-emergentes-d-asie--9782200288518?lang=fr&redirect-ssocas=7080</a>

Pas d'exemplaire disponible.

PLUDOC

PLUDOC est la plateforme unique et centralisée de gestion des bibliothèques physiques et numériques de Guinée administré par le CEDUST. Elle est la plus grande base de données de ressources documentaires pour les Étudiants, Enseignants chercheurs et Chercheurs de Guinée.

Adresse

627 919 101/664 919 101

25 boulevard du commerce
Kaloum, Conakry, Guinée

Réseaux sociaux

Powered by Netsen Group @ 2025